000
00273nam a2200109Ia 4500
008
200302s9999 xx 000 0 und d
100
_a
B. C. Punmia & Others
245
_a
Surveying Vol II 12 ed.
260
_b
Laxmi publications (P) Ltd.
260
_c
1994
300
_a
602 P.,
999
_c
1385
_d
1385